000 00567nam a22001697a 4500
020 _a9783031454677
082 _a006.31
_bBIS
100 _aBishop, Christopher M with Hugh Bishop
245 _aDeep learning: foundations and concepts/
_cChristopher M Bishop with Hugh Bishop
260 _aSwitzerland:
_bSpringer Nature;
_c2024.
300 _a649p.
563 _aHB
650 _adeep learning
_anatural networks
_9123669
650 _aE-BOOKBANK.SEECSTEXTBOOK
_9125472
856 _uhttp://10.250.8.41:8080/xmlui/handle/123456789/41684
942 _2ddc
_cBK
999 _c609791
_d609791